000 00650nam a2200205 a 4500
001 12593
003 CO-ViMGA
008 141112s2004 ck r 000 u spa d
020 _a9589298346
040 _aCO-ViMGA
_bspa
_cCO-ViMGA
082 0 4 _a025.171 R34
110 _aColombia Archivo General de la Nación
_918180
245 1 0 _aReglamento General de Archivos
260 _aSantafé de Bogotá :
_bArchivo General de la Nación,
_c1994
300 _a78p.
650 1 4 _aARCHIVISTICA
_911162
650 1 4 _aARCHIVO GENERAL DE LA NACION - COLOMBIA - LEGISLACION
_918181
650 1 4 _aARCHIVOS - ADMINISTRACION - REGLAMENTOS
_918182
942 _2ddc
_cBK
999 _c23587
_d23587